=LDR 00000nam 2200000 4500 =001 INLIS000000000011734 =005 20200622093159 =035 ##$$a 0010-061300000011734 =008 200622################g##########0#ind## =041 ##$$a Ind =082 ##$$a 297 =090 ##$$a 2x0 Has c =100 ##$$a Hasim, Muhammad Ansyari =245 1#$$a Cermin orang-orang Islam : $b Sebuah pedoman dalam melihat kadar ke Islaman dalam diri setiap muslim /$c Muhammad Ansyari Hasyim =260 ##$$a Surabaya :$b Putra Pelajar,$c 2002 =300 ##$$a 200 hlm., ; $c 20 x 14 cm. =650 #4$$a Islam =850 ##$$a NBPNMAT =084 ##$$a 297 HAS c =990 ##$$a 10401357 =990 ##$$a 10401358 =990 ##$$a 10401359 =990 ##$$a 10401360 =990 ##$$a 10401357 =990 ##$$a 10401358 =990 ##$$a 10401359 =990 ##$$a 10401360 =990 ##$$a 10401357 =990 ##$$a 10401358 =990 ##$$a 10401359 =990 ##$$a 10401360 =990 ##$$a 10401358 =990 ##$$a 10401357 =990 ##$$a 10401359 =990 ##$$a 10401360 =990 ##$$a 10401360 =990 ##$$a 10401357 =990 ##$$a 10401358 =990 ##$$a 10401359